| 000 | 01198nam a22002297a 4500 | ||
|---|---|---|---|
| 003 | OSt | ||
| 005 | 20201015115540.0 | ||
| 008 | 201015s1991 ck ||||gr|||| 00| edspa d | ||
| 020 | _a9589012604 | ||
| 040 |
_aCO-JMCR _cCO-JMCR |
||
| 041 | 0 | _aspa | |
| 082 | 0 | 4 |
_a864.44 / _bL791t _223 |
| 100 | 1 |
_aLleras Camargo, Alberto, _eautor _911559 |
|
| 245 | 1 | 3 |
_aEl transcurso legendario de una gota de sangre y otros escritos / _cAlberto Lleras |
| 260 |
_aBogotá : _bEl Áncora Editores, _c1991 |
||
| 300 |
_a156 páginas ; _c21 cm. |
||
| 500 | _aIncluye datos biográficos y fotografía del autor en solapa. | ||
| 505 | 0 | _aEl transcurso legendario de una gota de sangre -- Confesión de parte -- La providencia nos preserve de nuevas regeneraciones -- Ricardo Rendón -- Cien años de soledad -- El submarino mundo de Proust -- El compromiso del escritor -- Reverdece "La Rama dorada" -- El minotauro -- El buscador de la gloria -- El meteco supremo -- Páginas de un mundo peor -- La vida imita al arte -- El mundo no explorado -- Lectura rápida | |
| 650 | 1 | 4 |
_aEnsayos colombianos _ySiglo XX _911560 |
| 651 | 4 |
_aColombia _vEnsayos, conferencias, etc. _xPolítica y gobierno _911561 |
|
| 942 |
_2ddc _cBK |
||
| 999 |
_c6922 _d6922 |
||